| 000 | 00835nam a2200205Ia 4500 | ||
|---|---|---|---|
| 008 | 000000[1983?] sp a 0000000000fre00 | ||
| 090 | _aPSP00 G35i | ||
| 100 | 1 | _aGiménez, Salvador | |
| 245 | 1 | 0 |
_aJuan Martínez _b: les voix du silence se nomment Juan = The voices of silence are named Juan _c/ par Salvador Giménez |
| 300 |
_a[12] p. _c/ 27 cm. |
||
| 500 | _aTexto bilingue : inglés y francés \ Con el patronazgo del maestro venezolano Jesús Rafael Soto (q.e.p.d.) | ||
| 600 | 0 | 0 |
_aMARTINEZ, JUAN, 1942 / _xTRABAJOS PICTORICOS |
| 650 | 1 | 4 | _aARTE CONTEMPORANEO ESPAÑOL |
| 650 | 1 | 4 | _xCATALOGOS |
| 650 | 1 | 4 | _xEXPOSICIONES |
| 650 | 1 | 4 | _aPINTORES ESPAÑOLES |
| 650 | 1 | 4 | _aPINTURA ESPAÑOLA |
| 999 |
_c2293 _d2293 |
||
| 260 |
_aMadrid : Galerie Juana Mordo _c1983 |
||